000 00863nam a22002297a 4500
003 UA-OsUOA
001 47917
007 ta
008 20121101b un ||||| |||| 00| 0 ukr d
090 _a082
_bТ66
942 _cBK
040 _aUA-OsUOA
_bukr
_cUA-OsUOA
_dUA-OsUOA
245 _aТретя республіканська наукова конференція з архівознавства та інших спеціальних історичних дисциплін. Друга секція: спеціальні історичні дисципліни
300 _a428 с.
955 _a1
041 _aukr
080 _a082
260 _aК.
_c1968
650 7 _a08 Видання. Колективні праці
_2UDC
999 _c428018
_d428018